Normal view
MARC view
- Mandelbrot,Benoit B / Hudson,Richard L
Entry Personal Name
001 - CONTROL NUMBER
- control field: 401
003 - CONTROL NUMBER IDENTIFIER
- control field: JO-AjAnu
005 - DATE AND TIME OF LATEST TRANSACTION
- control field: 20230606070354.0
008 - FIXED-LENGTH DATA ELEMENTS
- fixed length control field: 230606|| aca||aabn | a|a d
040 ## - CATALOGING SOURCE
- Original cataloging agency: JO-AjAnu
- Transcribing agency: JO-AjAnu
100 ## - HEADING--PERSONAL NAME
- Personal name: Mandelbrot,Benoit B / Hudson,Richard L
670 ## - SOURCE DATA FOUND
- Source citation: Work cat.: (JO-AjAnu)214: Mandelbrot,Benoit B / Hudson,Richard L, author, The(mis) Behaviour of Markets: A Fractal View of Risk Ruin and Reward